<?xml version="1.0" encoding="UTF-8"?>
<record
    xmlns:xsi="http://www.w3.org/2001/XMLSchema-instance"
    xsi:schemaLocation="http://www.loc.gov/MARC21/slim http://www.loc.gov/standards/marcxml/schema/MARC21slim.xsd"
    xmlns="http://www.loc.gov/MARC21/slim">

  <leader>01663nam a2200205 a 4500</leader>
  <controlfield tag="008">161215e2006    ag  |||g |||| 001 j spa d</controlfield>
  <datafield tag="020" ind1=" " ind2=" ">
    <subfield code="a">9500726882</subfield>
  </datafield>
  <datafield tag="041" ind1=" " ind2=" ">
    <subfield code="a">spa</subfield>
  </datafield>
  <datafield tag="092" ind1=" " ind2=" ">
    <subfield code="c">863</subfield>
    <subfield code="l">30</subfield>
    <subfield code="s">GRI</subfield>
  </datafield>
  <datafield tag="100" ind1="1" ind2=" ">
    <subfield code="a">Grinstein, Marisa</subfield>
    <subfield code="9">3223</subfield>
  </datafield>
  <datafield tag="245" ind1=" " ind2=" ">
    <subfield code="a">Mujeres asesinas /</subfield>
    <subfield code="c">Marisa Grinstein</subfield>
  </datafield>
  <datafield tag="250" ind1=" " ind2=" ">
    <subfield code="a">6a ed.</subfield>
  </datafield>
  <datafield tag="260" ind1=" " ind2=" ">
    <subfield code="a">Buenos Aires:</subfield>
    <subfield code="b">Sudamericana;</subfield>
    <subfield code="c">2006.</subfield>
  </datafield>
  <datafield tag="300" ind1=" " ind2=" ">
    <subfield code="a">214 p.</subfield>
    <subfield code="c">22x14 cm.</subfield>
  </datafield>
  <datafield tag="500" ind1=" " ind2=" ">
    <subfield code="a">Grinstein, M. (2006). Mujeres asesinas. (6a ed.). Buenos Aires : Sudamericana.</subfield>
  </datafield>
  <datafield tag="505" ind1=" " ind2=" ">
    <subfield code="a">Una mujer asesina es el reverso del mito que funda la sociedad occidental. Las catorce mujeres criminales de la Argentina reunidas en este libro parecen un abuso a la estad&#xED;stica. Con la objetividad de una inventario y la pasi&#xF3;n de una crimin&#xF3;loga, Marisa Gristein atraviesa de un cuchillazo la idea de la excepcionalidad del acto criminal a cargo del sexo d&#xE9;bil para proponer la pesadilla de una serie. Mujeres asesinas es mucho m&#xE1;s que una colecci&#xF3;n de biograf&#xED;as que se sustraen al curso de una vida normal, gracias al empleo de cuchillos, pistolas, masas, sogas o &#xE1;cidos. En un cat&#xE1;logo de aberraciones, un compendio de la locura y el extrav&#xED;o, y una riqu&#xED;sima indagaci&#xF3;n psicol&#xF3;gica acerca de los modos en que la violencia y la pulsi&#xF3;n de muerte se apropian de la mente femenina. Las catorce asesinas de este libro tienen algo en com&#xFA;n: esperaban para s&#xED; algo mejor. En alg&#xFA;n punto, ese destino hizo una trampa o ellas se hicieron la trampa as&#xED; mismas. Matar, entonces, no significa m&#xE1;s que empeorar un poco las cosas.  </subfield>
  </datafield>
  <datafield tag="590" ind1=" " ind2=" ">
    <subfield code="a">Proyecto 4to libro. Donaci&#xF3;n Constanzo Juan Carlos</subfield>
  </datafield>
  <datafield tag="655" ind1=" " ind2=" ">
    <subfield code="a">Relatos</subfield>
    <subfield code="9">3105</subfield>
  </datafield>
  <datafield tag="942" ind1=" " ind2=" ">
    <subfield code="2">ddc</subfield>
    <subfield code="c">LIT</subfield>
  </datafield>
  <datafield tag="999" ind1=" " ind2=" ">
    <subfield code="c">3030</subfield>
    <subfield code="d">3030</subfield>
  </datafield>
  <datafield tag="952" ind1=" " ind2=" ">
    <subfield code="0">0</subfield>
    <subfield code="1">0</subfield>
    <subfield code="2">ddc</subfield>
    <subfield code="4">0</subfield>
    <subfield code="7">0</subfield>
    <subfield code="a">BFM</subfield>
    <subfield code="b">BFM</subfield>
    <subfield code="c">CR</subfield>
    <subfield code="d">2019-09-09</subfield>
    <subfield code="e">Donaci&#xF3;n Constanzo, Juan Carlos. Sept. 2019</subfield>
    <subfield code="l">2</subfield>
    <subfield code="m">1</subfield>
    <subfield code="o">808 30 GRI</subfield>
    <subfield code="p">4565</subfield>
    <subfield code="r">2025-08-22</subfield>
    <subfield code="s">2025-08-05</subfield>
    <subfield code="t">Ej.1  </subfield>
    <subfield code="w">2019-09-09</subfield>
    <subfield code="y">LIT</subfield>
    <subfield code="z">Proyecto 4to libro Donaci&#xF3;n Constanzo, Juan Carlos. Sept. 2019</subfield>
  </datafield>
</record>
